Catálogo

LA VIRGEN DE GUADALUPE (Registro nro. 16459)

Detalles MARC
000 -LEADER
fixed length control field 00455nam a2200181 a 4500
001 - CONTROL NUMBER
control field 16459
005 - DATE AND TIME OF LATEST TRANSACTION
control field 20180713205413.0
008 - FIXED-LENGTH DATA ELEMENTS--GENERAL INFORMATION
fixed length control field 140415s1984 000 0 spa d
020 ## - INTERNATIONAL STANDARD BOOK NUMBER
International Standard Book Number 8474901065
041 ## - LANGUAGE CODE
Language code of text/sound track or separate title spa
082 ## - DEWEY DECIMAL CLASSIFICATION NUMBER
Classification number 232.917
Item number PAO
100 1# - MAIN ENTRY--PERSONAL NAME
Personal name PAOLA, TOMIE DE
245 13 - TITLE STATEMENT
Title LA VIRGEN DE GUADALUPE
260 ## - PUBLICATION, DISTRIBUTION, ETC.
Place of publication, distribution, etc. [s.l.] :
Name of publisher, distributor, etc. ENCUENTRO,
Date of publication, distribution, etc. 1984
300 ## - PHYSICAL DESCRIPTION
Extent 41
650 14 - SUBJECT ADDED ENTRY--TOPICAL TERM
Topical term or geographic name entry element MILAGROS
General subdivision VIRGEN
700 1# - ADDED ENTRY--PERSONAL NAME
Personal name SALGADO, CARMEN
Relator term tr.
Existencias
Withdrawn status Lost status Source of classification or shelving scheme Damaged status Not for loan Collection code Home library Current library Shelving location Date acquired Source of acquisition Inventory number Total Checkouts Full call number Barcode Date last seen Date last checked out Price effective from Koha item type
    Dewey Decimal Classification     General Biblioteca Karol Wojtyla Biblioteca Karol Wojtyla Sala general 03/12/2013 Compra 151000000000000000057126   232.917 PAO 34261 05/01/2026 03/03/2016 03/12/2013 Libro